Физико-химические и механические характеристики магнетронного ГА-покрытия, текстурированного вдоль кристаллографического направления (002); Функциональные материалы: разработка, исследование, применение

Detaylı Bibliyografya
Parent link:Функциональные материалы: разработка, исследование, применение.— 2015.— [С. 35]
Yazar: Прямушко Т. С. Татьяна Сергеевна
Müşterek Yazar: Национальный исследовательский Томский политехнический университет (ТПУ) Физико-технический институт (ФТИ) Кафедра теоретической и экспериментальной физики (ТиЭФ)
Diğer Yazarlar: Сурменев Р. А. Роман Анатольевич (научный руководитель)
Özet:Заглавие с титульного экрана
Dil:Rusça
Baskı/Yayın Bilgisi: 2015
Seri Bilgileri:Наноматериалы
Konular:
Online Erişim:http://earchive.tpu.ru/handle/11683/23920
http://www.lib.tpu.ru/fulltext/c/2015/C96/033.pdf
Materyal Türü: MixedMaterials Elektronik Kitap Bölümü
KOHA link:https://koha.lib.tpu.ru/cgi-bin/koha/opac-detail.pl?biblionumber=614437

MARC

LEADER 00000naa2a2200000 4500
001 614437
005 20231101132816.0
035 |a (RuTPU)RU\TPU\conf\12607 
035 |a RU\TPU\conf\12606 
090 |a 614437 
100 |a 20150925d2015 k y0rusy50 ca 
101 0 |a rus 
102 |a RU 
105 |a y z 101zy 
135 |a drgn ---uucaa 
181 0 |a i  
182 0 |a b 
200 1 |a Физико-химические и механические характеристики магнетронного ГА-покрытия, текстурированного вдоль кристаллографического направления (002)  |f Т. С. Прямушко  |g науч. рук. Р. А. Сурменев 
203 |a Текст  |c электронный 
225 1 |a Наноматериалы 
230 |a 1 компьютерный файл (pdf; 217 Кb) 
300 |a Заглавие с титульного экрана 
337 |a Adobe Reader 
463 0 |0 (RuTPU)RU\TPU\conf\12499  |t Функциональные материалы: разработка, исследование, применение  |o сборник тезисов докладов III Всероссийского конкурса научных докладов студентов, г.Томск, г.Тамбов, 26-27 мая 2015 г.  |f Национальный исследовательский Томский политехнический университет (ТПУ) ; Национальный исследовательский Томский государственный университет (ТГУ) ; Тамбовский государственный университет имени Г. Р. Державина ; ред. кол. И. А. Курзина [и др.]  |v [С. 35]  |d 2015 
610 1 |a труды учёных ТПУ 
610 1 |a электронный ресурс 
610 1 |a физико-химические характеристики 
610 1 |a механические характеристики 
610 1 |a магнетронные покрытия 
610 1 |a титановые сплавы 
700 1 |a Прямушко  |b Т. С.  |c физик  |c лаборант Томского политехнического университета  |f 1993-  |g Татьяна Сергеевна  |2 stltpush  |3 (RuTPU)RU\TPU\pers\34710 
702 1 |a Сурменев  |b Р. А.  |c физик  |c старший научный сотрудник Томского политехнического университета, доцент, кандидат физико-математических наук  |f 1982-  |g Роман Анатольевич  |2 stltpush  |4 727 
712 0 2 |a Национальный исследовательский Томский политехнический университет (ТПУ)  |b Физико-технический институт (ФТИ)  |b Кафедра теоретической и экспериментальной физики (ТиЭФ)  |h 138  |2 stltpush  |3 (RuTPU)RU\TPU\col\18726 
801 2 |a RU  |b 63413507  |c 20210220  |g RCR 
856 4 |u http://earchive.tpu.ru/handle/11683/23920 
856 4 |u http://www.lib.tpu.ru/fulltext/c/2015/C96/033.pdf 
942 |c BK